[Event "Tehran Behin Cup 2nd"]
[Site "Tehran"]
[Date "2014.11.15"]
[Round "1"]
[White "Malakhatko, Vadim"]
[Black "Ghalamzan, Mohammad"]
[Result "1-0"]
[WhiteElo "2533"]
[BlackElo "1757"]
[PlyCount "65"]
[EventDate "2014.11.15"]
[EventType "swiss"]
[EventRounds "9"]
[EventCountry "IRI"]
[SourceTitle "CBM 163 Extra"]
[Source "ChessBase"]
[SourceDate "2014.12.23"]
[SourceVersion "1"]
[SourceVersionDate "2014.12.23"]
[SourceQuality "1"]

1. c4 Nf6 2. Nc3 g6 3. e4 d6 4. d4 Bg7 5. Nf3 c5 6. Be2 cxd4 7. Nxd4 0-0 8. 0-0 b6 9. Bg5 Bb7 10. f3 Nc6 11. Nc2 Rc8 12. Qd2 Qc7 13. Rac1 Ne5 14. b3 Qb8 15. Nb4 Ned7 16. Rfd1 Rfe8 17. Bf1 a5 18. Nbd5 Bc6 19. Ne2 Qb7 20. Nd4 Bxd5 21. cxd5 Rxc1 22. Rxc1 Rc8 23. Nc6 Bf8 24. Bb5 Ne5 25. Nxe5 dxe5 26. Be3 Ne8 27. Rxc8 Qxc8 28. Bxb6 Nd6 29. Bd3 e6 30. dxe6 Qxe6 31. Bxa5 Qc8 32. Qc2 Qa8 33. Qc3 1-0